Ciudades/Lugares que aparecen en Misión: Imposible - Estadísticas

Estadísticas generales
  • Esta prueba ha sido intentada 28 veces
  • La puntuación promedio es 23 de 33
Estadísticas de respuestas
Hint Respuesta % Correcto
Reino Unido Londres
100%
Reino Unido Londres
100%
Reino Unido Londres
100%
Reino Unido Londres
100%
Rusia Moscú
96%
Republica Checa Praga
96%
Italia Roma
96%
Italia Roma
96%
Vaticano Vaticano
92%
Austria Viena
92%
Alemania Berlin
88%
Alemania Berlin
88%
Cuba La Habana
88%
Bielorrusia Minsk
88%
Hungría Budapest
85%
España Sevilla
85%
Estados Unidos Washington D.C
85%
Emiratos Arabes Unidos Dubái
81%
Australia Sidney
81%
Marruecos Casablanca
77%
Francia Paris
77%
India Bombay
65%
Estados Unidos San Francisco
65%
Italia Venecia
65%
China Shanghai
62%
Emiratos Arabes Abu Dhabi
58%
Estados Unidos Seattle
35%
Reino Unido Belfast
31%
Estados Unidos Langley
15%
India Cachemira
0%
Arabia Saudi Desierto de Arabia
0%
Alemania Ramstein
0%
Estados Unidos Utah
0%
No se encontraron pruebas coincidentes
Distribución de puntuación
Porcentaje de gente con cada puntuación
Porcentaje por número respondido
Historial de tus puntuaciones
No has intentado esta prueba.